<?xml version="1.0" encoding="UTF-8"?>
<record
    xmlns:xsi="http://www.w3.org/2001/XMLSchema-instance"
    xsi:schemaLocation="http://www.loc.gov/MARC21/slim http://www.loc.gov/standards/marcxml/schema/MARC21slim.xsd"
    xmlns="http://www.loc.gov/MARC21/slim">

  <leader>03705nam a2200589 i 4500</leader>
  <controlfield tag="001">28723</controlfield>
  <controlfield tag="003">FINmELB</controlfield>
  <controlfield tag="005">20241216220101.0</controlfield>
  <controlfield tag="006">m     o  u        </controlfield>
  <controlfield tag="007">cr cn|||||||||</controlfield>
  <controlfield tag="008">210311s2015    ck a   grb    001 0 spa d</controlfield>
  <datafield tag="020" ind1=" " ind2=" ">
    <subfield code="a">9789587752038</subfield>
    <subfield code="q">(e-book)</subfield>
  </datafield>
  <datafield tag="020" ind1=" " ind2=" ">
    <subfield code="z">9789587752021</subfield>
  </datafield>
  <datafield tag="035" ind1=" " ind2=" ">
    <subfield code="a">(OCoLC)1241984387</subfield>
  </datafield>
  <datafield tag="040" ind1=" " ind2=" ">
    <subfield code="a">FINmELB</subfield>
    <subfield code="b">spa</subfield>
    <subfield code="e">rda</subfield>
    <subfield code="c">FINmELB</subfield>
  </datafield>
  <datafield tag="043" ind1=" " ind2=" ">
    <subfield code="a">s-ck---</subfield>
  </datafield>
  <datafield tag="050" ind1=" " ind2="4">
    <subfield code="a">S475.C6</subfield>
    <subfield code="b">Z363 2015</subfield>
  </datafield>
  <datafield tag="080" ind1=" " ind2=" ">
    <subfield code="a">63</subfield>
  </datafield>
  <datafield tag="082" ind1="0" ind2="4">
    <subfield code="a">338.19861</subfield>
    <subfield code="2">23</subfield>
  </datafield>
  <datafield tag="100" ind1="1" ind2=" ">
    <subfield code="a">Zambrano Pantoja, Fabio Roberto,</subfield>
    <subfield code="d">1951-</subfield>
    <subfield code="e">autor.</subfield>
  </datafield>
  <datafield tag="245" ind1="1" ind2="0">
    <subfield code="a">Alimentos para la ciudad :</subfield>
    <subfield code="b">historia de la agricultura colombiana /</subfield>
    <subfield code="c">Fabio Roberto Zambrano Pantoja.</subfield>
  </datafield>
  <datafield tag="250" ind1=" " ind2=" ">
    <subfield code="a">Primera edici&#xF3;n.</subfield>
  </datafield>
  <datafield tag="264" ind1=" " ind2="1">
    <subfield code="a">Bogot&#xE1;, Colombia :</subfield>
    <subfield code="b">Universidad Nacional de Colombia. Instituto de Estudios Urbanos - IEU,</subfield>
    <subfield code="c">2015.</subfield>
  </datafield>
  <datafield tag="300" ind1=" " ind2=" ">
    <subfield code="a">1 recurso en l&#xED;nea (256 p&#xE1;ginas) :</subfield>
    <subfield code="b">ilustraciones</subfield>
  </datafield>
  <datafield tag="336" ind1=" " ind2=" ">
    <subfield code="a">texto</subfield>
    <subfield code="b">txt</subfield>
    <subfield code="2">rdacontent/spa</subfield>
  </datafield>
  <datafield tag="337" ind1=" " ind2=" ">
    <subfield code="a">computadora</subfield>
    <subfield code="b">c</subfield>
    <subfield code="2">rdamedia/spa</subfield>
  </datafield>
  <datafield tag="338" ind1=" " ind2=" ">
    <subfield code="a">recurso en l&#xED;nea</subfield>
    <subfield code="b">cr</subfield>
    <subfield code="2">rdacarrier/spa</subfield>
  </datafield>
  <datafield tag="490" ind1="1" ind2=" ">
    <subfield code="a">Colecci&#xF3;n ciudades, estados y pol&#xED;tica</subfield>
  </datafield>
  <datafield tag="500" ind1=" " ind2=" ">
    <subfield code="a">Incluye perfil acad&#xE9;mico del autor en la solapa del libro.</subfield>
  </datafield>
  <datafield tag="504" ind1=" " ind2=" ">
    <subfield code="a">Incluye referencias bibliogr&#xE1;ficas 241-246 e &#xED;ndice onom&#xE1;stico y anal&#xED;tico.</subfield>
  </datafield>
  <datafield tag="500" ind1=" " ind2=" ">
    <subfield code="a">Incluye notas y citas bibliogr&#xE1;ficas a pie de p&#xE1;gina.</subfield>
  </datafield>
  <datafield tag="505" ind1="0" ind2=" ">
    <subfield code="a">Cap&#xED;tulo 1. El aporte prehisp&#xE1;nico y la herencia colonial -- Cap&#xED;tulo 2. La fundaci&#xF3;n de la sociedad de los agricultores colombianos -- Cap&#xED;tulo 3. Las innovaciones de la agricultura -- Cap&#xED;tulo 4. Las bases de la nueva agricultura: los cultivos permanentes -- Cap&#xED;tulo 5. La consolidaci&#xF3;n de la agricultura: los cultivos transitorios -- Cap&#xED;tulo 6. La modernizaci&#xF3;n de los sectores l&#xE1;cteo y porc&#xED;cola.</subfield>
  </datafield>
  <datafield tag="520" ind1=" " ind2=" ">
    <subfield code="a">Al finalizar el siglo XVIII los pensadores ilustrados de la Nueva Granada, como Pedro Ferm&#xED;n de Vargas, eran conscientes de que la agricultura neogranadina necesitaba profundos cambios, ello debido a su gran atraso en dos siglos de dominaci&#xF3;n espa&#xF1;ola. Desde entonces se han buscado los caminos para emprender la modernizaci&#xF3;n de la agricultura, tr&#xE1;nsito que ha sido bastante lento y con &#xE9;nfasis en los productos comerciales, en especial los que se han convertido en materias primas de la industria. Este texto estudia las din&#xE1;micas agrarias de los &#xFA;ltimos doscientos a&#xF1;os en Colombia. Se muestra la lentitud en la modernizaci&#xF3;n de la agricultura, la que se ha enfatizado en algunos productos, de algunas regiones. Adem&#xE1;s se se&#xF1;ala c&#xF3;mo se ha ido dejando a su propia suerte aquellos productos que no se han industrializado, como es el caso de buena parte de los alimentos tradicionales.</subfield>
  </datafield>
  <datafield tag="588" ind1=" " ind2=" ">
    <subfield code="a">Descripci&#xF3;n basada en metadatos suministrados por el editor y otras fuentes.</subfield>
  </datafield>
  <datafield tag="590" ind1=" " ind2=" ">
    <subfield code="a">Recurso electr&#xF3;nico. Santa Fe, Arg.: elibro, 2021. Disponible v&#xED;a World Wide Web. El acceso puede estar limitado para las bibliotecas afiliadas a elibro.</subfield>
  </datafield>
  <datafield tag="650" ind1=" " ind2="0">
    <subfield code="a">Agriculture</subfield>
    <subfield code="z">Colombia</subfield>
    <subfield code="x">History.</subfield>
  </datafield>
  <datafield tag="650" ind1=" " ind2="0">
    <subfield code="a">Agricultural innovations</subfield>
    <subfield code="z">Colombia</subfield>
    <subfield code="x">History.</subfield>
  </datafield>
  <datafield tag="650" ind1=" " ind2="0">
    <subfield code="a">Cash crops</subfield>
    <subfield code="z">Colombia</subfield>
    <subfield code="x">History.</subfield>
  </datafield>
  <datafield tag="650" ind1=" " ind2="4">
    <subfield code="a">Agricultura</subfield>
    <subfield code="x">Historia</subfield>
    <subfield code="z">Colombia.</subfield>
  </datafield>
  <datafield tag="650" ind1=" " ind2="4">
    <subfield code="a">Tecnolog&#xED;a agr&#xED;cola.</subfield>
  </datafield>
  <datafield tag="650" ind1=" " ind2="4">
    <subfield code="a">Industria porcina.</subfield>
  </datafield>
  <datafield tag="650" ind1=" " ind2="4">
    <subfield code="a">Cultivos comerciales.</subfield>
  </datafield>
  <datafield tag="650" ind1=" " ind2="4">
    <subfield code="a">Innovaciones agr&#xED;colas.</subfield>
  </datafield>
  <datafield tag="651" ind1=" " ind2="4">
    <subfield code="a">Colombia</subfield>
    <subfield code="x">Alimentaci&#xF3;n y alimentos.</subfield>
  </datafield>
  <datafield tag="655" ind1=" " ind2="4">
    <subfield code="a">Libros electr&#xF3;nicos.</subfield>
  </datafield>
  <datafield tag="797" ind1="2" ind2=" ">
    <subfield code="a">elibro, Corp.</subfield>
  </datafield>
  <datafield tag="830" ind1=" " ind2="0">
    <subfield code="a">Colecci&#xF3;n ciudades, estados y pol&#xED;tica.</subfield>
  </datafield>
  <datafield tag="856" ind1="4" ind2="0">
    <subfield code="u">https://elibro.net/ereader/politecnicointernacional/129768</subfield>
  </datafield>
  <datafield tag="999" ind1=" " ind2=" ">
    <subfield code="c">28723</subfield>
    <subfield code="d">28723</subfield>
  </datafield>
</record>
